National Anthem of South Korea - 애국가 (Aegukga) - Statistics

General Stats
  • This quiz has been taken 4 times
  • The average score is 10 of 18
Answer Stats
Lyrics % Correct
Daehan
100%
giri
100%
Baekdusani
67%
daehaneuro
67%
daltorok
67%
Donghae
67%
gangsan
67%
manse.
67%
mulgwa
67%
saram,
67%
urinara
67%
bojeonhase.
33%
bouhasa
33%
Haneunimi
33%
hwaryeo
33%
mareugo
33%
Mugunghwa
33%
samcheolli
33%
No matching quizzes found
Score Distribution
Percent of People with Each Score
Percentile by Number Answered
Your Score History
You have not taken this quiz